| 000 | 00588cam a22001811 4500 | ||
|---|---|---|---|
| 082 |
_a627.4 _bRIC _cL-18, P-1 |
||
| 100 | 1 |
_aRichards, Bertram Darell, _944011 |
|
| 245 | 1 | 0 |
_aFlood estimation and control. _cWith a foreword by W. J. E. Binnie. |
| 250 | _a3d ed., rev. | ||
| 260 |
_aLondon, _bChapman & Hall, _c1955. |
||
| 300 |
_axiii, 187 p. _bcharts, diagrs., tables. _c23 cm. |
||
| 526 |
_a0 _b0 _c0 _d627_400000000000000_RIC |
||
| 650 | 0 |
_aFlood dams and reservoirs. _944012 |
|
| 650 | 0 |
_aFloods. _926794 |
|
| 650 | 0 |
_aMCE _9379 |
|
| 650 | 0 |
_aRain and rainfall. _944013 |
|
| 942 |
_2ddc _cBK |
||
| 999 |
_c547865 _d547865 |
||